000 00345nam a22001457a 4500
003 OSt
005 20220218101647.0
008 220218b |||||||| |||| 00| 0 eng d
020 _a0849334969
040 _cH U
082 _a660.2815
100 _aRomagnoli Jose A,
_930817
245 _aIntroduction To Process Control
942 _2ddc
_cBOOKS
_n0
999 _c30772
_d30772